000 00296nam a22001337a 4500
008 170615b xxu||||| |||| 00| 0 eng d
020 _a0877226504
041 _aeng
080 _a32
100 _a20
101 _aSHP
245 _aCOMMUNITIES IN ECONOMIC CRISIS
_cGAVENTA, J
942 _2udc
_cBK
999 _c17664
_d17664